00689nam a2200193 i 4500001000300000100002100003245007800024260003400102300003600136521008600172650002400258655003000282020001500312040000800327041000700335080001400342008004100356856009800397bg1 aSODOLSKI, Henryk10aSelected problems in physics /cHenryk Sodolski ; Politechnika Gdańska. aGdańsk :bWydaw. PG,c1996. a213 s. :brys., wykr. ;c24 cm. aOne-semestr lecture course for students of Environment Protection and Management. 9aFizykaxzagadnienia aPodręczniki akademickie a8386537426 cBPK0 aen a53(075.8) s pl f |000 0 pol  uhttp://koha.tu.koszalin.pl/cgi-bin/koha/opac-detail.pl?biblionumber=24981yKatalog online BPK